Školní vzdělávání : zahraniční trendy a inspirace /

Korporativní autor: Univerzita Karlova
Další autoři: Greger, David, 1977-, Ježková, Věra, 1954-
Jazyk: Čeština
Vydáno: Praha : Karolinum, 2007
Vydání: Vyd. 1.
Témata:
Externí odkaz: Digitalizovaný dokument
Fyzický popis: 266 s. ; 21 cm
Language note: Anglické resumé
Knihy
Uloženo v:
LEADER 02185nam a2200589 a 4500
001 nkc20071708419
003 CZ PrNK
005 20211007164548.0
007 ta
008 070209s2007 xr f 000 0 cze
015 |a cnb001708419 
020 |a 978-80-246-1313-0  |q (brož.)  |z 80-246-1313-1 
035 |a (OCoLC)124088192 
040 |a ABA001  |b cze 
041 0 |a cze  |b eng 
072 7 |a 37.09  |x Organizace výuky a vzdělávání  |2 Konspekt  |9 22 
080 |a 37.091.4  |2 MRF 
080 |a 37.014.3  |2 MRF 
080 |a 37.016  |2 MRF 
080 |a (048.8)  |2 MRF 
080 |a (082)  |2 MRF 
245 0 0 |a Školní vzdělávání :  |b zahraniční trendy a inspirace /  |c David Greger, Eva Ježková - editoři 
246 3 |a Školní vzdělávání - zahraniční trendy a inspirace 
250 |a Vyd. 1. 
260 |a Praha :  |b Karolinum,  |c 2007 
300 |a 266 s. ;  |c 21 cm 
500 |a V tiráži vročení: 2006 
504 |a Obsahuje bibliografie 
546 |a Anglické resumé 
550 |a Vydavatel: Univerzita Karlova v Praze 
650 0 7 |a školství  |7 ph116829  |2 czenas 
650 0 7 |a vzdělávací systémy  |7 ph127310  |2 czenas 
650 0 7 |a vzdělávací reformy  |7 ph138643  |2 czenas 
650 0 7 |a kurikulum  |7 ph115039  |2 czenas 
650 0 9 |a education  |2 eczenas 
650 0 9 |a educational systems  |2 eczenas 
650 0 9 |a educational reforms  |2 eczenas 
650 0 9 |a curriculum  |2 eczenas 
655 7 |a srovnávací studie  |7 fd133583  |2 czenas 
655 7 |a sborníky  |7 fd163935  |2 czenas 
655 9 |a comparative studies  |2 eczenas 
655 9 |a miscellanea  |2 eczenas 
700 1 |a Greger, David,  |d 1977-  |7 mzk2006337024  |4 edt 
700 1 |a Ježková, Věra,  |d 1954-  |7 jo20000076517  |4 edt 
710 2 |a Univerzita Karlova  |7 kn20010710036 
856 4 1 |u http://www.digitalniknihovna.cz/mzk/uuid/uuid:5bd75ff0-e2ee-11ef-8de1-5ef3fc9bb22f  |y Digitalizovaný dokument  |x NDK 
910 2 |a BOA001  |b 2-1183.533 
990 |a BK 
995 |a 01 
991 |b 200703  |c NOV 
996 6 |b 2610305175  |c 2-1183.533  |l MZK  |r HSS 4p  |n 1  |p p.v.  |h 371 GRE  |w 000844952  |u 000010  |a 0  |e BOA001  |j MZK50  |s P 
996 6 |b 2610600280  |c 2-1183.533  |l MZK  |r Sklad / do 1 hodiny  |n 15  |p kup  |w 000844952  |u 000020  |a 1  |e BOA001  |j MZK50  |s P